<?xml version="1.0" encoding="UTF-8"?>
<record
    xmlns:xsi="http://www.w3.org/2001/XMLSchema-instance"
    xsi:schemaLocation="http://www.loc.gov/MARC21/slim http://www.loc.gov/standards/marcxml/schema/MARC21slim.xsd"
    xmlns="http://www.loc.gov/MARC21/slim">

  <leader>00958nam a22002297a 4500</leader>
  <controlfield tag="005">20141017073956.0</controlfield>
  <controlfield tag="008">070111s2007    nyu           000 0 eng  </controlfield>
  <datafield tag="020" ind1=" " ind2=" ">
    <subfield code="a">9780071490733</subfield>
  </datafield>
  <datafield tag="024" ind1=" " ind2="0">
    <subfield code="c">eng</subfield>
  </datafield>
  <datafield tag="080" ind1=" " ind2=" ">
    <subfield code="a">331</subfield>
  </datafield>
  <datafield tag="100" ind1="1" ind2=" ">
    <subfield code="a">Diamond, Linda Eve.</subfield>
  </datafield>
  <datafield tag="245" ind1="1" ind2="0">
    <subfield code="a">Perfect phrases for building strong teams :</subfield>
    <subfield code="c">Linda Eve Diamond.</subfield>
  </datafield>
  <datafield tag="250" ind1=" " ind2=" ">
    <subfield code="a">1 st.ed.;</subfield>
  </datafield>
  <datafield tag="260" ind1=" " ind2=" ">
    <subfield code="a">New York :</subfield>
    <subfield code="b">McGraw-Hill,</subfield>
    <subfield code="c">2007.</subfield>
  </datafield>
  <datafield tag="300" ind1=" " ind2=" ">
    <subfield code="a">146 f. ;</subfield>
    <subfield code="c">20 cm.</subfield>
  </datafield>
  <datafield tag="440" ind1=" " ind2="0">
    <subfield code="a">Perfect phrases for-- managers</subfield>
  </datafield>
  <datafield tag="504" ind1=" " ind2=" ">
    <subfield code="a">Includes bibliographical references f. 144-145</subfield>
  </datafield>
  <datafield tag="505" ind1="0" ind2=" ">
    <subfield code="a">The team leader -- Teams : the bigger picture -- Building your team -- Conflict resolution -- Empowerment -- Feedback -- Team process -- Virtual team building -- Perks, benefits &amp; rewards -- Team building exercises.</subfield>
  </datafield>
  <datafield tag="650" ind1=" " ind2="0">
    <subfield code="a">Puna</subfield>
  </datafield>
  <datafield tag="650" ind1=" " ind2="0">
    <subfield code="a">Komunikimi</subfield>
  </datafield>
  <datafield tag="942" ind1=" " ind2=" ">
    <subfield code="2">udc</subfield>
    <subfield code="c">BK</subfield>
  </datafield>
  <datafield tag="999" ind1=" " ind2=" ">
    <subfield code="c">524</subfield>
    <subfield code="d">524</subfield>
  </datafield>
  <datafield tag="952" ind1=" " ind2=" ">
    <subfield code="0">0</subfield>
    <subfield code="1">0</subfield>
    <subfield code="2">udc</subfield>
    <subfield code="4">0</subfield>
    <subfield code="7">0</subfield>
    <subfield code="8">P&#xCB;KG</subfield>
    <subfield code="a">003</subfield>
    <subfield code="b">003</subfield>
    <subfield code="c">P&#xCB;KG</subfield>
    <subfield code="d">2014-10-17</subfield>
    <subfield code="l">0</subfield>
    <subfield code="o">331 DIA</subfield>
    <subfield code="p">003000873</subfield>
    <subfield code="r">2014-10-17</subfield>
    <subfield code="y">BK</subfield>
  </datafield>
  <datafield tag="952" ind1=" " ind2=" ">
    <subfield code="0">0</subfield>
    <subfield code="1">0</subfield>
    <subfield code="2">udc</subfield>
    <subfield code="4">0</subfield>
    <subfield code="7">0</subfield>
    <subfield code="8">P&#xCB;KG</subfield>
    <subfield code="a">003</subfield>
    <subfield code="b">003</subfield>
    <subfield code="c">P&#xCB;KG</subfield>
    <subfield code="d">2014-10-17</subfield>
    <subfield code="l">0</subfield>
    <subfield code="o">331 DIA</subfield>
    <subfield code="p">003000874</subfield>
    <subfield code="r">2014-10-17</subfield>
    <subfield code="y">BK</subfield>
  </datafield>
  <datafield tag="952" ind1=" " ind2=" ">
    <subfield code="0">0</subfield>
    <subfield code="1">0</subfield>
    <subfield code="2">udc</subfield>
    <subfield code="4">0</subfield>
    <subfield code="7">0</subfield>
    <subfield code="8">P&#xCB;KG</subfield>
    <subfield code="a">003</subfield>
    <subfield code="b">003</subfield>
    <subfield code="c">P&#xCB;KG</subfield>
    <subfield code="d">2014-10-17</subfield>
    <subfield code="l">0</subfield>
    <subfield code="o">331 DIA</subfield>
    <subfield code="p">003000875</subfield>
    <subfield code="r">2014-10-17</subfield>
    <subfield code="y">BK</subfield>
  </datafield>
  <datafield tag="952" ind1=" " ind2=" ">
    <subfield code="0">0</subfield>
    <subfield code="1">0</subfield>
    <subfield code="2">udc</subfield>
    <subfield code="4">0</subfield>
    <subfield code="7">0</subfield>
    <subfield code="8">P&#xCB;KG</subfield>
    <subfield code="a">003</subfield>
    <subfield code="b">003</subfield>
    <subfield code="c">P&#xCB;KG</subfield>
    <subfield code="d">2014-10-17</subfield>
    <subfield code="l">0</subfield>
    <subfield code="o">331 DIA</subfield>
    <subfield code="p">003000876</subfield>
    <subfield code="r">2014-10-17</subfield>
    <subfield code="y">BK</subfield>
  </datafield>
  <datafield tag="952" ind1=" " ind2=" ">
    <subfield code="0">0</subfield>
    <subfield code="1">0</subfield>
    <subfield code="2">udc</subfield>
    <subfield code="4">0</subfield>
    <subfield code="7">0</subfield>
    <subfield code="8">P&#xCB;KG</subfield>
    <subfield code="a">003</subfield>
    <subfield code="b">003</subfield>
    <subfield code="c">P&#xCB;KG</subfield>
    <subfield code="d">2014-10-17</subfield>
    <subfield code="l">0</subfield>
    <subfield code="o">331 DIA</subfield>
    <subfield code="p">003000877</subfield>
    <subfield code="r">2014-10-17</subfield>
    <subfield code="y">BK</subfield>
  </datafield>
  <datafield tag="952" ind1=" " ind2=" ">
    <subfield code="0">0</subfield>
    <subfield code="1">0</subfield>
    <subfield code="2">udc</subfield>
    <subfield code="4">0</subfield>
    <subfield code="7">0</subfield>
    <subfield code="8">P&#xCB;KG</subfield>
    <subfield code="a">003</subfield>
    <subfield code="b">003</subfield>
    <subfield code="c">P&#xCB;KG</subfield>
    <subfield code="d">2014-10-17</subfield>
    <subfield code="l">0</subfield>
    <subfield code="o">331 DIA</subfield>
    <subfield code="p">003000878</subfield>
    <subfield code="r">2014-10-17</subfield>
    <subfield code="y">BK</subfield>
  </datafield>
  <datafield tag="952" ind1=" " ind2=" ">
    <subfield code="0">0</subfield>
    <subfield code="1">0</subfield>
    <subfield code="2">udc</subfield>
    <subfield code="4">0</subfield>
    <subfield code="7">0</subfield>
    <subfield code="8">P&#xCB;KG</subfield>
    <subfield code="a">003</subfield>
    <subfield code="b">003</subfield>
    <subfield code="c">P&#xCB;KG</subfield>
    <subfield code="d">2014-10-17</subfield>
    <subfield code="l">0</subfield>
    <subfield code="o">331 DIA</subfield>
    <subfield code="p">003000879</subfield>
    <subfield code="r">2014-10-17</subfield>
    <subfield code="y">BK</subfield>
  </datafield>
  <datafield tag="952" ind1=" " ind2=" ">
    <subfield code="0">0</subfield>
    <subfield code="1">0</subfield>
    <subfield code="2">udc</subfield>
    <subfield code="4">0</subfield>
    <subfield code="7">0</subfield>
    <subfield code="8">P&#xCB;KG</subfield>
    <subfield code="a">003</subfield>
    <subfield code="b">003</subfield>
    <subfield code="c">P&#xCB;KG</subfield>
    <subfield code="d">2014-10-17</subfield>
    <subfield code="l">0</subfield>
    <subfield code="o">331 DIA</subfield>
    <subfield code="p">003000880</subfield>
    <subfield code="r">2014-10-17</subfield>
    <subfield code="y">BK</subfield>
  </datafield>
  <datafield tag="952" ind1=" " ind2=" ">
    <subfield code="0">0</subfield>
    <subfield code="1">0</subfield>
    <subfield code="2">udc</subfield>
    <subfield code="4">0</subfield>
    <subfield code="7">0</subfield>
    <subfield code="8">P&#xCB;KG</subfield>
    <subfield code="a">003</subfield>
    <subfield code="b">003</subfield>
    <subfield code="c">P&#xCB;KG</subfield>
    <subfield code="d">2014-10-17</subfield>
    <subfield code="l">0</subfield>
    <subfield code="o">331 DIA</subfield>
    <subfield code="p">003000881</subfield>
    <subfield code="r">2014-10-17</subfield>
    <subfield code="y">BK</subfield>
  </datafield>
  <datafield tag="952" ind1=" " ind2=" ">
    <subfield code="0">0</subfield>
    <subfield code="1">0</subfield>
    <subfield code="2">udc</subfield>
    <subfield code="4">0</subfield>
    <subfield code="7">0</subfield>
    <subfield code="8">P&#xCB;KG</subfield>
    <subfield code="a">003</subfield>
    <subfield code="b">003</subfield>
    <subfield code="c">P&#xCB;KG</subfield>
    <subfield code="d">2014-10-17</subfield>
    <subfield code="l">0</subfield>
    <subfield code="o">331 DIA</subfield>
    <subfield code="p">003000882</subfield>
    <subfield code="r">2014-10-17</subfield>
    <subfield code="y">BK</subfield>
  </datafield>
</record>
